000 00651nam a2200265Ia 4500
005 20260121172918.0
008 008 260114s9999 xx 000 0 eng d
020 _a9789811680205
037 _aEBOOK
040 _aCRL
040 _beng
040 _cCRL
041 _2eng
041 _aeng
084 _qCRL
100 _aShu Yang
_91094292
245 2 _aA Systemic Functional Study of Modality in Modern Chinese
260 _bSpringer
260 _bSpringer
260 _c2021
856 _uhttps://link.springer.com/openurl?genre=book&isbn=978-981-16-8020-5
942 _cEBOOK
999 _c1660034
_d1660034